| 000 | 00000nas##2200000za#4500 |
| 001 | 9.506923 |
| 003 | CaOODSP |
| 005 | 20200325092936 |
| 007 | cr ||||||||||| |
| 008 | 150406c2004||||xxc|| p o||||f| |0eng|d |
| 040 | |aCaOODSP|beng |
| 043 | |an-cn--- |
| 086 | 1 |aE74-88E-pdf |
| 110 | 1 |aCanada.|bInternational Trade Canada. |
| 245 | 10|aOpening doors to the world, Canada's international market access priorities |h[electronic resource] |
| 260 | |aOttawa - Ontario : |bInternational Trade Canada |
| 310 | |aAnnual |
| 362 | 1 |a2004 |
| 690 | 07|aInternational trade|2gcpds |
| 775 | 08|tOuverture sur le monde, priorités du Canada en matière d'accès aux marchés internationaux |w(CaOODSP)9.503318 |
| 780 | 00|tOpening doors to the world, Canada's international market access priorities |w(CaOODSP)9.506922 |
| 785 | 00|tOpening doors to the world, Canada's international market access priorities |w(CaOODSP)9.506924 |